Foundations of education-I (Major)/ (Record no. 11640)

MARC details
000 -LEADER
fixed length control field 00767nam a22002537a 4500
005 - DATE AND TIME OF LATEST TRANSACTION
control field 20230914135257.0
008 - FIXED-LENGTH DATA ELEMENTS--GENERAL INFORMATION
fixed length control field 230914b ||||| |||| 00| 0 eng d
020 ## - INTERNATIONAL STANDARD BOOK NUMBER
International Standard Book Number 9788196049096
040 ## - CATALOGING SOURCE
Original cataloging agency IN-DiNC
Transcribing agency IN-DiNC
041 ## - LANGUAGE CODE
Language code of sung or spoken text English
082 ## - DEWEY DECIMAL CLASSIFICATION NUMBER
Classification number 370
Item number FOU
245 ## - TITLE STATEMENT
Title Foundations of education-I (Major)/
Statement of responsibility, etc. by Pranjal Das and others
250 ## - EDITION STATEMENT
Edition statement 1st ed.
260 ## - PUBLICATION, DISTRIBUTION, ETC.
Place of publication, distribution, etc. Guwahati:
Name of publisher, distributor, etc. Ashok publications,
Date of publication, distribution, etc. 2023.
300 ## - PHYSICAL DESCRIPTION
Extent 200p.
650 ## - SUBJECT ADDED ENTRY--TOPICAL TERM
Topical term or geographic name entry element Psychological foundations of education
650 ## - SUBJECT ADDED ENTRY--TOPICAL TERM
Topical term or geographic name entry element Philosophical foundations of education
650 ## - SUBJECT ADDED ENTRY--TOPICAL TERM
Topical term or geographic name entry element Sociological foundations of education
700 ## - ADDED ENTRY--PERSONAL NAME
Personal name Das, Pranjal
Relator term Author
700 ## - ADDED ENTRY--PERSONAL NAME
Personal name Das, Gitali
Relator term Author
700 ## - ADDED ENTRY--PERSONAL NAME
Personal name Mazumdar, Supriya
Relator term Author
700 ## - ADDED ENTRY--PERSONAL NAME
Personal name Bora, Antareepa
Relator term Author
942 ## - ADDED ENTRY ELEMENTS (KOHA)
Source of classification or shelving scheme Dewey Decimal Classification
Koha item type Books
Holdings
Withdrawn status Lost status Source of classification or shelving scheme Damaged status Not for loan Collection code Home library Current library Shelving location Date acquired Cost, normal purchase price Total Checkouts Full call number Barcode Date last seen Date last checked out Copy number Price effective from Koha item type
    Dewey Decimal Classification     Education Central Library, Naharkatiya College Central Library, Naharkatiya College General Stacks 14/09/2023 250.00 5 370 FOU 29448 17/11/2025 29/10/2025 1 14/09/2023 Books
    Dewey Decimal Classification     Education Central Library, Naharkatiya College Central Library, Naharkatiya College General Stacks 14/09/2023 250.00 7 370 FOU 29449 22/11/2025 08/11/2025 2 14/09/2023 Books
    Dewey Decimal Classification     Education Central Library, Naharkatiya College Central Library, Naharkatiya College General Stacks 14/09/2023 250.00 7 370 FOU 29450 17/11/2025 30/10/2025 3 14/09/2023 Books

Naharkatiya College © 2020. All rights reserved.

Powered By